000 00734nam a22002057a 4500
999 _c16268
_d16268
003 AR-CdUCM
008 190502b ||||| |||| 00| 0 spa d
040 _aMUNICIPALIDAD PROVINCIAL DEL CUSCO
_cBIBLIOTECA MUNICIPAL DEL CUSCO
082 _22ed.
_a978.04 /
_bM41
100 _aMogrovejo, R.
_935614
245 _aEl crimen de machado /
260 _aMadrid :
_bVida y trabajo,
_c1931.
300 _a109 páginas ;
_c20 cm.
505 _aContenido : El fascismo tropical -- Tácticas de atemorización -- Organizaciones disueltas -- Sistema judicial y policíaco de represiones injustas ...
650 _aHistorias
_92725
650 _aSociedad
_953
650 _aSiglo XX
_98
942 _2ddc
_cLIBROS
945 _arah
_d02/05/2019